000 00702cab a2200193 4500
001 L136554
008 070207n2007 000 0 eng u
035 _a(Sirsi) u136554
041 0 _aeng
100 1 _aMcAllister, Sean
245 0 0 _aRegional
_bWest Midlands
260 _c2007
490 0 _aProperty Week
_v72(5) 2 February 2007, 97-126(11)
520 _aDiscusses investment in the Birmingham office market, regeneration and plans for a new transport hub in Wolverhampton, Wolverhampton's lost status as a retail destination and inward investment in Birmingham.
590 _aKA
651 4 _aWEST MIDLANDS
690 _aPROPERTY-COMMERCIAL PROPERTY-COMMERCIAL PROPERTY MARKET
942 _n0
999 _c78344
_d78344